000 00784nam a2200265Ia 4500
003 OSt
005 20220918110403.0
006 a|||||r|||| 00| 0
007 ta
008 220915b |||||||| |||| 00| 0 eng d
024 _a87671
037 _cReference Collections
040 _aARTS
_cARTS
_beng
041 _2eng
_aeng
082 _aS1:86, M3(RR)
100 _aWalker C Eugene ed
_97496
245 0 _aHandbook of clinical child psychology
260 _aNew York
_bJohn Wiley
_c1983
300 _axviii,1936p.
490 _aWiley series on personality process
650 _aPSYCHOLOGY
700 _a Roberts Michael C ed
_97497
942 _hS1:86, M3(RR)
_cREF
999 _c112523
_d112523